| 000 | 00775nam a2200217Ii 4500 | ||
|---|---|---|---|
| 003 | JO-AjNU | ||
| 008 | 230605s9999||||xx |||||||||||||| ||und|| | ||
| 017 | _a2008/8/2722 | ||
| 040 |
_aJO-AjNU _bara _erda _cJO-AjNU |
||
| 041 | _aara | ||
| 050 | 1 | 4 | _aLB1028.35.R37 2008 |
| 100 | 3 |
_aالرشايدة،محمد صبيح, _eauthor _922680 |
|
| 245 | 0 | 0 | _aطرائق التدريس العامة وتطبيقاتها العملية خاصة في المواد الإجتماعية |
| 250 | _aط1 | ||
| 264 | 3 | 1 | _aعمان:المؤلف،2008 |
| 300 | _a272ص | ||
| 336 |
_atext _btxt _2rdacontent |
||
| 337 |
_aunmediated _bn _2rdamedia |
||
| 338 |
_avolume _bnc _2rdacarrier |
||
| 650 | 4 |
_aالعلوم الاجتماعية-دراسة وتعليم-طرق التدريس _922681 |
|
| 999 |
_aA8089 _c11657 _d11657 |
||